000 00470nam a2200169Ia 4500
003 OSt
005 20260324095322.0
008 211028s2019 xx 000 0 und d
040 _cAIMIT LIBRARY
041 _aeng
100 _aAbhishek, N; Shetty, Annapoorna.
_g171801
_95475
110 _aSuchetha Vijayakumar
_95476
245 _aAadhishakthi courier service /
260 _aMangalore
_c2019
710 _aMResult Services Private Limited
_95477
942 _2ddc
_cPRO
999 _c217918
_d217918